Completez les paroles de Sadek - Nique le casino - Statistiques

Statistiques générales
  • Ce quiz a été pris 9 fois
  • Le résultat moyen est 9 sur 12
Statistiques - réponses
Chanson Paroles Paroles manquantes % Correct
La bise Ils veulent tester, ils auront l'cul casséJ'les graille tous comme des ... Fricassés
100%
La paresse Ma chérie, moi, j'suis au casse-pipe ; toi, fais du yoga, d'la ... Gymnastique
100%
C'est plus pareil T'as pas bougé quand ils sont venus me chercherC'est le nonante-trois, on a le ... Monopole
100%
Entrée - Intro Niquer, Wesh l'ancien ! Finis les soirées discoBaisser le prix du litre ou tu vas cramer dans ton ... Bistrot
75%
Las Vegas Il n'y a que la faucheuse qui nous caresseLes armes de l'est viennent de ... Bucarest
75%
Nique le casino Des milliers de journées dans le bendoAucun de nous ne s'est fait ... Péter
75%
Andale A 4 ou 5 sur la même canetteVécu dans la précarité, pas la même ... Planète
75%
Le croupier Au flop j'croyais leur mettreTu nous as vu monter ensemble et faire ... Recette
75%
La salle des coffres Moi qui voulais chanter comme un ..., j'ai l'impression qu'à la haine je suis résigné Rossignol
75%
Loin Cruel, puis ils se rendent compte que t'es un néonA des années lumières des portes ... Papillon
50%
Sans parler Du matin au soir dans le block, les têtes changent mais on change jamais ce putain de ... Scénario
50%
Pina Colada Plein les poches je m'en met plein les ... Babines
25%
Aucun quiz correspondant
Distribution des résultats
% des personnes avec chaque résultat
Percentile par nombre de réponses
Votre historique - résultats
Vous n’avez pas pris ce quiz